[Event "1st Magistral Barbera del Valles 2020"]
[Site "Barbera del Valles"]
[Date "2020.11.25"]
[Round "6.4"]
[White "Peralta, Fernando"]
[Black "Santos Latasa, Jaime"]
[Result "1/2-1/2"]
[WhiteElo "2586"]
[BlackElo "2600"]
[Annotator "TA"]
[PlyCount "86"]
[EventDate "2020.11.20"]
[EventType "tourn"]
[EventCountry "ESP"]
[SourceTitle "playchess.com"]
[Source "ChessBase"]
[SourceQuality "1"]

{[%evp 14,86,0,0,0,0,0,0,0,0,8,0,0,0,0,7,18,0,41,25,30,18,8,8,35,31,17,15,15,8,8,8,17,8,11,15,59,34,59,0,0,0,0,0,0,0,0,0,0,0,0,0,0,0,0,0,0,0,0,0,0,-4,0,0,0,0,0,0,0,0,0,0,0,0,0]} 1. d4 d5 2. c4 e6 3. Nf3 Nf6 4. Nc3 c6 5. e3 Nbd7 6. Be2 Bd6 7. O-O O-O 8. b3 b6 $1 {The main line 8...b6 scores better than 8...Ne4. D45: Semi-Slav: 5 e3.} 9. Bb2 Bb7 10. Bd3 Re8 11. Rc1 Rc8 12. Qe2 Qe7 13. Rfd1 dxc4 {[#]} (13... Bb8 {with more complications.} 14. cxd5 exd5 15. Ba6 Bxa6 16. Qxa6 Qe6) 14. bxc4 $146 ({Predecessor:} 14. Bxc4 b5 15. Bd3 e5 16. dxe5 Nxe5 17. Bf5 Rcd8 18. Nd2 Ned7 19. Nce4 Bb8 20. Nxf6+ Nxf6 {0-1 (47) Spassov,L (2327)-Enchev,I (2445) Sunny Beach 2013}) 14... e5 {[#] ...e4 is the strong threat.} 15. c5 bxc5 16. dxe5 $1 Nxe5 17. Nxe5 Qxe5 18. g3 {[#] aiming for Ne4.} Qe7 19. Na4 c4 20. Bxc4 Rcd8 21. Bxf6 Qxf6 22. Ba6 Ba8 23. Nc5 Qe7 24. Qc2 g6 25. Bf1 Kf8 26. Nb3 (26. Rd3 $14) 26... Ba3 $11 {The position is equal.} 27. Rb1 c5 28. Bg2 Rxd1+ 29. Rxd1 Bxg2 30. Kxg2 Qe4+ 31. Qxe4 Rxe4 {[%mdl 4096] Endgame KRB-KRN} 32. Rd7 Ra4 33. Rc7 Bb4 34. Nxc5 Rxa2 35. Nd3 Be7 36. Nf4 Bd6 37. Rb7 a5 38. Nd5 a4 39. Rd7 Be5 {Strongly threatening ...Rd2.} 40. Ra7 Bb2 41. Nb6 a3 42. Nc4 Bc1 43. g4 h6 {Weighted Error Value: White=0.03/Black=0.04} 1/2-1/2

[Event "1st Magistral Barbera del Valles 2020"]
[Site "Barbera del Valles"]
[Date "2020.11.25"]
[Round "6.5"]
[White "Alsina Leal, Daniel"]
[Black "Studer, Noel"]
[Result "0-1"]
[WhiteElo "2498"]
[BlackElo "2582"]
[Annotator "TA"]
[PlyCount "96"]
[EventDate "2020.11.20"]
[EventType "tourn"]
[EventCountry "ESP"]
[SourceTitle "playchess.com"]
[Source "ChessBase"]
[SourceQuality "1"]

{[%evp 9,96,9,0,2,7,12,14,0,0,0,2,-1,-3,-4,0,0,-3,-9,0,-20,-16,-27,-5,-26,0,0,0,0,0,-108,-93,-114,-57,-64,-57,-83,-77,-72,-77,-119,-10,-39,0,-94,-97,-133,-127,-130,-83,-87,-99,-100,0,0,0,-88,-61,-162,-155,-304,0,-106,-10,-2,0,0,0,-7,0,0,0,-7,0,-36,0,0,131,120,116,76,160,140,305,-29992,-29993,-29993,-29994,-29994,-29995]} 1. c4 Nf6 2. Nc3 e5 3. Nf3 Nc6 4. e4 Bb4 5. d3 d6 6. a3 {A28: English Opening: Four Knights Variation.} Bc5 {Threatening ...Ng4.} 7. b4 Bb6 8. Na4 {The position is equal.} Bd4 9. Nxd4 {9.Rb1 gains popularity.} Nxd4 10. Nc3 O-O 11. Be2 c6 12. O-O a5 13. b5 {[#]} a4 $146 ({Predecessor:} 13... cxb5 14. Nxb5 Nxb5 15. cxb5 a4 16. Bb2 Be6 17. f3 Nh5 18. g3 Qg5 19. Bc1 Qg6 {0-1 (38) Najer,E (2635)-Giri,A (2780) Khanty-Mansiysk 2019}) 14. bxc6 bxc6 15. Rb1 Nd7 16. f4 exf4 17. Bxf4 Nc5 18. Be3 Ncb3 19. Bg4 (19. Rb2 $11) 19... Qa5 20. Na2 f5 (20... Bxg4 $17 21. Qxg4 Qe5) 21. exf5 $15 Bxf5 {Hoping for ...Qe5.} 22. Nb4 Rae8 23. Bxd4 Nxd4 24. Bxf5 Nxf5 ({Black should play} 24... Rxf5 $17 25. Qg4 Qe5) 25. Kh1 $11 Rf6 26. Qf3 (26. Nxc6 $11 Qc3 27. Re1 (27. Qxa4 Qxd3 28. Qd1 Qxc4 $15)) 26... Ref8 $17 27. Rfe1 Nd4 28. Qe3 Qc5 29. Na6 Qa7 {And now ...c5 would win.} 30. Nb4 Qc5 31. Na6 $36 {[%mdl 2048] White has some pressure.} Qa7 32. Nb4 $1 R6f7 {Threatens to win with ...c5.} 33. Qe4 (33. Red1 $15) 33... Qc5 $19 34. Na6 {[#]} (34. Rg1 $17 {was called for.}) 34... Qa7 $2 (34... Qb6 $1 $19 {[%cal Rb6b1][%mdl 512]} 35. Qe3 (35. Rxb6 Rf1+) 35... Qa7) 35. Nb4 $1 $17 {[#]} Qb6 (35... Rf4 $1 $17 {[%cal Rf4e4]} 36. Nxc6 Qf7 37. Qxd4 Rxd4 38. Nxd4 Qf2) 36. h3 $1 $11 Qc5 37. Na6 Qa7 {...Rf4 is the strong threat.} 38. Nb4 Qc5 39. Na6 Qa7 {White must now prevent ...Rf4.} 40. Nb4 Nf5 {aiming for ...Ng3+.} 41. Qxc6 Ng3+ 42. Kh2 Qf2 (42... Nf1+ $11 {keeps the balance.} 43. Rxf1 (43. Kh1 Ng3+ 44. Kh2 Nf1+ 45. Rxf1 Rxf1 $11) 43... Rxf1 44. Qd5+ Kh8 45. Rxf1 Rxf1) 43. Qxd6 $16 Nf5 {[#]} 44. Qd5 $1 Qg3+ (44... h6 $142) 45. Kh1 Ne3 $2 (45... h6 $16 {might work better.}) 46. Qe4 $4 {[%mdl 8192]} (46. Rxe3 $18 Qxe3 47. Nc6) 46... Rf1+ {Black mates.} 47. Rxf1 Nxf1 {[%csl Gf1][%cal Rg3h2]} 48. Qe6+ Kh8 {Never resign too early!  Weighted Error Value: White=0.26/Black=0.37} 0-1

[Event "1st Magistral Barbera del Valles 2020"]
[Site "Barbera del Valles"]
[Date "2020.11.26"]
[Round "7.1"]
[White "Studer, Noel"]
[Black "Krysa, Leandro"]
[Result "0-1"]
[WhiteElo "2582"]
[BlackElo "2531"]
[Annotator "TA"]
[PlyCount "68"]
[EventDate "2020.11.20"]
[EventType "tourn"]
[EventCountry "ESP"]
[SourceTitle "playchess.com"]
[Source "ChessBase"]
[SourceQuality "1"]

{[%evp 19,67,17,21,23,27,0,8,18,9,-12,0,-21,0,-14,-30,-76,-74,-153,-146,-148,-145,-151,-147,-166,-173,-216,-175,-171,-179,-194,-193,-179,-149,-136,-133,-265,-265,-267,-265,-414,-408,-392,-260,-264,-265,-260,-144,-262,-237,-29999]} 1. d4 d5 2. c4 e6 3. Nf3 Nf6 4. Nc3 Be7 5. Bf4 O-O 6. e3 c5 7. dxc5 Bxc5 8. a3 Nc6 9. Be2 dxc4 10. Bxc4 Nh5 11. Bg5 {D37: Queen's Gambit Declined: 5 Bf4.} Be7 12. h4 {[#]} Qxd1+ $5 $146 {[%mdl 8] New and interesting.} ({Predecessor:} 12... f6 13. Bf4 Nxf4 14. exf4 Kh8 15. Qe2 e5 16. Rd1 Qe8 17. h5 Bg4 18. Nh4 Bxe2 19. Ng6+ Qxg6 20. hxg6 Bxc4 21. Rxh7+ Kg8 {0-1 (21) Sasikiran,K (2679)-Short,N (2701) Skanderborg 2003}) 13. Rxd1 {The position is equal.} Nf6 14. Ke2 b6 15. Nb5 Bb7 16. Nd6 Bxd6 17. Rxd6 Ne4 18. Rdd1 ({Better is} 18. Rd7 Nc5 19. Rc7) 18... Na5 $1 $17 {[%cal Ra5c4]} 19. Bd3 f6 $36 {[%mdl 2048] Black is on the roll.} 20. Bf4 e5 21. Bh2 Nc5 $1 {[%cal Rc5d3]} 22. Bb1 Ba6+ 23. Ke1 {With the idea b4.} Nc4 24. b4 Na4 $1 25. Ba2 {next b5 is good for White.} Kh8 {Threatens to win with ...Ncb2.} ({Weaker is} 25... Nc3 26. Bxc4+ Bxc4 27. Rc1 $16) 26. Bxc4 Bxc4 27. Nd2 (27. Nxe5 $17 {was worth a try.} fxe5 28. Bxe5) 27... Bb5 $19 {aiming for ...Rac8.} 28. Ne4 Nb2 $1 {[%cal Rb2d1]} 29. Rb1 {[#]} (29. Ra1 {only move.}) 29... Nd3+ $1 30. Ke2 Nf4+ {[%mdl 64] Discovered Attack (Double check)} 31. Kf3 Be2+ 32. Kg3 {[#]} Nh5+ $1 33. Kh3 f5 {[%csl Gf5][%cal Re2g4]} 34. Ng3 $2 (34. Bxe5 $19 Bg4+ 35. Kh2 fxe4 {[%mdl 64] Discovered Attack} 36. Rb2) 34... Bg4# {Weighted Error Value: White=0.49/Black=0.09} 0-1

[Event "1st Magistral Barbera del Valles 2020"]
[Site "Barbera del Valles"]
[Date "2020.11.26"]
[Round "7.2"]
[White "Santos Latasa, Jaime"]
[Black "Alsina Leal, Daniel"]
[Result "1/2-1/2"]
[WhiteElo "2600"]
[BlackElo "2498"]
[Annotator "TA"]
[PlyCount "95"]
[EventDate "2020.11.20"]
[EventType "tourn"]
[EventCountry "ESP"]
[SourceTitle "playchess.com"]
[Source "ChessBase"]
[SourceQuality "1"]

{[%evp 12,95,24,23,21,9,15,11,10,12,17,16,72,27,21,0,0,0,0,0,12,12,23,0,35,0,44,55,52,73,55,59,54,35,66,54,51,62,71,18,35,8,93,87,116,102,110,49,83,66,82,86,86,77,62,0,0,0,0,0,0,-22,-7,0,0,0,0,0,0,-20,0,0,0,0,0,0,0,0,0,0,0,0,0,0,0,-36]} 1. e4 c5 2. Nf3 Nc6 3. Bb5 g6 4. Bxc6 dxc6 5. d3 Bg7 6. O-O Nf6 7. Re1 O-O {B31: Sicilian: 2...Nc6 3 Bb5 g6.} 8. Qd2 {[#]} Ne8 $146 ({Predecessor:} 8... Bg4 9. Ne5 Qc7 10. Qf4 Nh5 11. Qxg4 Bxe5 12. g3 Bd4 13. c3 Bg7 14. Qe2 e5 15. Be3 {½-½ (32) Au Cardero,R (2307)-Martello,J (2343) ICCF email 2018}) 9. Qg5 b6 10. Qg3 a5 11. a4 b5 (11... Nd6 $11) 12. Nbd2 Nc7 13. Ne5 Qd6 14. f4 Ne6 {[#] aiming for ...Nd4.} 15. Ndf3 $1 Nd4 16. Nxd4 cxd4 17. Bd2 Qc7 18. Nf3 c5 19. axb5 Bd7 20. Qh4 Bxb5 21. f5 {Strongly threatening fxg6.} Ra6 22. Bf4 $36 {[%mdl 2048] White has some pressure.} Qa7 23. Bh6 f6 $1 24. Bxg7 Kxg7 25. fxg6 (25. Qg3 $16) 25... hxg6 $11 26. Qg3 Qb8 (26... e5 $11) 27. e5 $16 {Black must now prevent exf6+.} f5 28. Qg5 ({Don't do} 28. Qh4 $6 Qd8) 28... Qc7 29. Re2 ({White should play} 29. e6 $16) 29... c4 30. Rd1 cxd3 31. cxd3 Qd7 32. Qh4 (32. Qg3 {seems wilder.} e6 33. Qf2 Kg8 34. Nxd4 Ba4 35. Rc1) 32... Rh8 33. Qxd4 (33. Qf2 $14) 33... Qxd4+ $11 {The position is equal.} 34. Nxd4 Rb6 35. Red2 Rd8 36. Ne2 Rd5 37. Nc3 Rxe5 38. d4 Ree6 39. Ra1 {[#]} a4 $1 {[%mdl 512]} 40. Nxa4 Bxa4 (40... Ra6 $5 41. b3 $8 Re3 $11) 41. Rxa4 {[%mdl 4096] Endgame KRR-KRR} Re3 42. Rc4 Reb3 43. Rcc2 Kf6 44. Kf2 R3b4 45. h3 g5 46. Ke2 f4 47. Kd1 e6 48. Kc1 {Weighted Error Value: White=0.12/Black=0.10} 1/2-1/2

[Event "1st Magistral Barbera del Valles 2020"]
[Site "Barbera del Valles"]
[Date "2020.11.26"]
[Round "7.3"]
[White "Narciso Dublan, Marc"]
[Black "Peralta, Fernando"]
[Result "1/2-1/2"]
[WhiteElo "2492"]
[BlackElo "2586"]
[Annotator "TA"]
[PlyCount "134"]
[EventDate "2020.11.20"]
[EventType "tourn"]
[EventCountry "ESP"]
[SourceTitle "playchess.com"]
[Source "ChessBase"]
[SourceQuality "1"]

{[%evp 15,134,32,33,14,34,24,38,25,39,33,35,35,59,29,54,-42,-46,-50,-33,-37,-16,-45,-5,-10,0,0,0,0,0,0,0,0,0,0,0,0,0,0,0,0,0,0,0,0,0,0,0,0,0,-6,0,0,0,0,0,0,0,-7,-6,-10,0,0,78,79,84,84,66,70,77,23,23,25,29,41,44,36,45,45,32,30,46,21,32,0,0,0,52,45,45,0,37,37,37,37,37,37,37,37,37,37,37,37,81,81,81,0,0,0,8,8,8,8,8,8,8,0,0,0,0,0,0]} 1. e4 e6 2. d4 d5 3. e5 c5 4. c3 Nc6 5. Nf3 Bd7 6. Be2 Nge7 7. O-O Nf5 8. dxc5 {seems to push 8.Bd3 aside. 8.Bd3 is vanishing.} Bxc5 9. b4 {C02: French: Advance Variation.} Be7 10. Bd3 {[#]} O-O $146 ({Predecessor:} 10... Nh4 11. Nxh4 Bxh4 12. Qe2 Be7 13. Nd2 O-O 14. Nf3 Rc8 15. Bb2 a6 16. a3 Qc7 {0-1 (57) Boris,P (1853)-Niemann,H (2313) Philadelphia 2018}) 11. Re1 {White is slightly better.} Rc8 12. a3 Kh8 13. Ra2 a6 14. Nbd2 Na7 {[%cal Bc6a7,Ba7b5,Bb5c3][%mdl 32]} 15. Nd4 (15. Bb2 $14) 15... Rxc3 $15 16. Bxf5 exf5 17. Bb2 Rc8 18. Qb1 Be6 19. Nxf5 Nb5 20. Nd4 Nc3 21. Bxc3 Rxc3 22. Rc1 Rxc1+ 23. Qxc1 Qb6 24. N2b3 Rc8 25. Qd2 h6 26. h3 Rc4 27. Ra1 Bd7 28. Re1 Qg6 {White should prevent ...Bxh3.} 29. Kh2 b6 30. Qe3 {[#]} a5 $1 {[%mdl 512]} 31. bxa5 bxa5 ({Reject} 31... Bxa3 $6 32. a6 $16) 32. Qf3 Be6 33. Nxe6 Qxe6 34. Nxa5 Ra4 35. Nb3 Rxa3 36. Qd1 Qb6 37. Re3 Bh4 38. Qc2 Qb8 {[#]} (38... Kg8 $11) 39. g3 $1 $16 {[%cal Rg3h4]} Be7 40. Rc3 {Rc8+ is the strong threat.} Ra8 41. Rc7 Bf8 42. Nd4 (42. Qc6 $16) 42... Qb6 $11 43. Nf3 Kg8 44. Kg2 Rd8 45. Rc6 Qa7 46. e6 fxe6 47. Rxe6 Qf7 48. Qc6 Qd7 49. Qa6 d4 50. Re4 Bc5 (50... d3 $11 51. Rd4 Qxd4 52. Qe6+ (52. Nxd4 Rxd4 53. Qb6 Rd6 $11) 52... Kh7 53. Nxd4 Rxd4) 51. Qc4+ Qd5 52. Re8+ Kf7 (52... Bf8 $5 {[%cal Rd5c4]} 53. Qxd5+ Rxd5 $11) 53. Rxd8 Qxc4 54. Ne5+ {[%mdl 64] Double Attack} Ke7 55. Nxc4 Kxd8 $14 {[%mdl 4096] Endgame KB-KN} 56. Kf3 Ke7 57. Ke4 d3 58. f4 Bf2 59. g4 Bg3 60. f5 ({Don't play} 60. Kxd3 $6 Bxf4 61. Ke4 Bg3 $11) (60. Kf3 $16 Bh2 61. Ke3) 60... Kf6 $11 {The position is equal.} 61. Kxd3 {Cut Off at move 61} g6 62. Ke4 h5 63. Ne3 hxg4 64. Nxg4+ Kf7 65. Ne5+ Bxe5 66. Kxe5 {Threatening mate with f6.} gxf5 67. Kxf5 Kg7 {Weighted Error Value: White=0.12/Black=0.11} 1/2-1/2

[Event "1st Magistral Barbera del Valles 2020"]
[Site "Barbera del Valles"]
[Date "2020.11.26"]
[Round "7.4"]
[White "Cheparinov, Ivan"]
[Black "Munoz, Miguel"]
[Result "1-0"]
[WhiteElo "2688"]
[BlackElo "2442"]
[Annotator "TA"]
[PlyCount "113"]
[EventDate "2020.11.20"]
[EventType "tourn"]
[EventCountry "ESP"]
[SourceTitle "playchess.com"]
[Source "ChessBase"]
[SourceQuality "1"]

{[%evp 20,113,38,32,58,31,43,33,34,29,34,27,33,27,47,41,41,52,52,41,36,40,53,0,81,11,46,55,58,44,78,70,50,32,32,32,32,32,32,32,32,32,42,32,32,32,32,32,32,28,23,23,33,33,78,66,115,35,62,39,350,350,321,334,328,331,372,360,366,366,323,166,166,174,248,391,529,514,496,230,4450,1961,5065,2683,2558,3111,5065,2256,1830,4506,2617,2376,29978,29979,29977,29969]} 1. d4 Nf6 2. c4 c5 3. d5 g6 4. Nc3 Bg7 5. e4 d6 6. Nf3 O-O 7. Be2 e6 8. O-O exd5 9. exd5 Bg4 10. h3 Bxf3 11. Bxf3 Ne8 {E91: King's Indian: Classical: 6 Be2, unusual replies including 6...c5 and 6...Bg4.} 12. Qc2 Nd7 13. Be2 f5 {White is slightly better.} 14. f4 {[#]} a6 $146 ({Predecessor:} 14... Bd4+ 15. Kh2 Ndf6 16. g3 Ng7 17. Nb5 Ne4 18. Nxd4 cxd4 19. b3 Re8 20. Bb2 Nxg3 21. Kxg3 {0-1 (27) Rosenthal,J (2308)-Gaehwiler,G (2401) Switzerland 2018}) 15. Bd2 Bd4+ 16. Kh2 Ng7 17. Bf3 Re8 18. Rae1 Qf6 19. Qb3 Rab8 20. a4 b6 21. Ne2 ({Better is} 21. g3 $14) 21... Rec8 (21... Bxb2 $11 22. Nc3 Bxc3 23. Bxc3 Qf8) 22. g3 ({Much weaker is} 22. Nxd4 cxd4 23. Re2 Nc5 $11) (22. g4 $16) 22... h5 23. Qc2 Re8 24. b3 Bb2 25. Kg2 Ba3 26. Bc3 Qf7 27. Ba1 Nf6 28. Nc3 Bb4 29. Qb2 Rxe1 30. Rxe1 Re8 {[#]} 31. Re6 $1 {[%mdl 512]} Bxc3 ({Don't go for} 31... Nxe6 $2 32. dxe6 Qh7 33. Nd5 $1 $16 {[%mdl 512]}) (31... Rxe6 32. dxe6) 32. Rxe8+ Ngxe8 33. Qxc3 Qd7 34. a5 b5 35. b4 cxb4 36. Qxb4 {Threatens to win with cxb5.} bxc4 37. Qxc4 Qb7 38. Qe2 (38. Bd4 $1 $16) 38... Kf8 $14 39. Qe6 $36 {[%mdl 2048] White is more active.} Qf7 $2 {[%mdl 8192] Loses the game.} ({Black should play} 39... Ne4 $1 $14) 40. Be2 $18 Nxd5 41. Qxf7+ Kxf7 42. Bxa6 {[%mdl 4096] Endgame KBB-KNN} Nb4 43. Bb7 {aiming for Bc3.} Nc7 {[#]} 44. Bc3 $1 {[%cal Rc3b4]} Nba6 {[#]} 45. Kf3 (45. Bd4 $142 $1) 45... Ke6 46. Bd4 Nc5 (46... Nb4 $142 47. Bc3 Nba6) 47. Bxc5 dxc5 {KB-KN} 48. Ke3 Kd7 49. h4 (49. a6 $142) 49... c4 $2 (49... Ne8 50. Bd5 Nf6) 50. a6 Nb5 51. Bd5 c3 52. Kd3 Kc7 53. Bc4 Nd6 54. Kxc3 Ne4+ 55. Kd4 Nxg3 56. Bd3 Kb6 57. Ke3 {Weighted Error Value: White=0.21/Black=0.34} 1-0

[Event "1st Magistral Barbera del Valles 2020"]
[Site "Barbera del Valles"]
[Date "2020.11.26"]
[Round "7.5"]
[White "Oratovsky, Michael"]
[Black "Grigoryan, Karen H."]
[Result "1/2-1/2"]
[WhiteElo "2414"]
[BlackElo "2659"]
[Annotator "TA"]
[PlyCount "41"]
[EventDate "2020.11.20"]
[EventType "tourn"]
[EventCountry "ESP"]
[SourceTitle "playchess.com"]
[Source "ChessBase"]
[SourceQuality "1"]

{[%evp 9,41,-4,25,27,41,45,60,60,53,36,41,43,59,58,57,43,44,43,45,53,63,63,62,61,71,56,71,67,79,58,67,61,84,85]} 1. e4 c5 2. Nf3 d6 3. Bb5+ Nc6 4. Bxc6+ bxc6 5. e5 Bg4 6. h3 {B51: Sicilian: Moscow Variation (3 Bb5+) without 3...Bd7.} Bh5 7. d3 e6 8. exd6 {White is slightly better.} Bxd6 9. Nbd2 Ne7 {[#]} 10. Qe2 $146 ({Predecessor:} 10. Nc4 O-O 11. Qe2 Bc7 12. g4 Bg6 13. Bd2 f6 14. O-O-O e5 15. Rhg1 Nd5 16. Nh4 {½-½ (48) Predojevic,B (2601)-Safarli,E (2598) chess.com INT 2020}) 10... Nd5 11. Nc4 Nb6 12. Qe4 O-O 13. Nxd6 ({Of course not} 13. Qxc6 Nxc4 14. dxc4 Qb6 $15) 13... Qxd6 14. O-O Qd5 15. Ne5 Rfc8 16. Re1 f6 17. Nc4 e5 18. b3 Bg6 19. Qg4 Nd7 20. Bb2 Rd8 21. Ne3 {Weighted Error Value: White=0.05/Black=0.10} 1/2-1/2

[Event "1st Magistral Barbera del Valles 2020"]
[Site "Barbera del Valles"]
[Date "2020.11.27"]
[Round "8.1"]
[White "Krysa, Leandro"]
[Black "Grigoryan, Karen H."]
[Result "0-1"]
[WhiteElo "2531"]
[BlackElo "2659"]
[Annotator "TA"]
[PlyCount "106"]
[EventDate "2020.11.20"]
[EventType "tourn"]
[EventCountry "ESP"]
[SourceTitle "playchess.com"]
[Source "ChessBase"]
[SourceQuality "1"]

{[%evp 21,106,43,22,17,39,28,21,26,39,25,43,50,50,47,52,52,42,45,59,-10,81,70,72,89,75,67,70,84,85,-65,-61,-69,-58,-62,-69,-66,-31,-54,-47,-81,-76,-152,-103,-84,-54,-252,-247,-263,-258,-270,-269,-237,-265,-227,-252,-233,-241,-274,-263,-359,-347,-370,-350,-567,-530,-945,-908,-943,-918,-904,-904,-895,-858,-792,-814,-912,-900,-832,-777,-954,-943,-860,-856,-2841,-2033,-29989,-29990]} 1. d4 Nf6 2. c4 g6 3. Nf3 Bg7 4. g3 O-O 5. Bg2 d6 6. Nc3 Nbd7 7. O-O e5 8. Qc2 Re8 9. Rd1 c6 10. e4 exd4 11. Nxd4 Qe7 12. Be3 {E68: King's Indian: Fianchetto: 6...Nbd7 7 0-0 e5 8 e4.} Ng4 13. Bf4 Nge5 14. b3 {The position is equal.} Nc5 15. h3 {[#]} g5 $1 $146 {[%mdl 8] An important novelty.} ({Predecessor:} 15... Ne6 16. Nxe6 Bxe6 17. Be3 f5 18. Rac1 fxe4 19. Nxe4 Bf5 20. Qd2 Bxh3 21. Nxd6 Rf8 {½-½ (43) Malaniuk,V (2526)-Petrushin,A (2476) Belorechensk 2005}) 16. Be3 g4 17. h4 Qf6 18. Bg5 Qg6 19. Nf5 Bf8 20. Bf4 (20. Ne2 $14 Nxe4 21. Bxe4 Nf3+ 22. Bxf3 Bxf5 23. Qd2) 20... Nxe4 (20... Nf3+ $11 21. Bxf3 gxf3) 21. Bxe4 $16 Nf3+ 22. Kg2 $1 (22. Bxf3 Bxf5 23. Be4 Bxe4 $15) 22... Rxe4 {[#]} 23. Nh6+ $1 {[%mdl 512]} Bxh6 24. Qxe4 Bf5 25. Qe3 (25. Qe7 $1 $16 Bxf4 26. gxf4) 25... Bf8 $1 $15 26. h5 Qxh5 {[%csl Gf5,Gg4][%cal Rh5h3]} 27. Rh1 Qg6 28. Bh6 $1 Bg7 29. Bxg7 Kxg7 30. Rad1 Rd8 31. Kf1 (31. Qe7 $142 Rd7 32. Qe3) 31... d5 {White must now prevent ...d4.} 32. Ne2 {[#] next Nf4 is good for White.} ({Not} 32. Qxa7 $2 Bd3+ 33. Kg2 d4 $19) 32... Bc2 $1 $36 {[%cal Rc2d1][%mdl 2048] Black is more active.} 33. Qc3+ $2 {[#] This move loses the game for White.} ({White has to play} 33. Nf4 $15 Qe4 34. Qxe4 Bxe4 35. cxd5) 33... d4 $1 $19 {[%cal Rd4c3]} 34. Nxd4 {Intending Nf5+! and mate.} Kg8 35. Qxc2 Qxc2 36. Nxc2 Rxd1+ 37. Kg2 Rxh1 38. Kxh1 {[%mdl 4096] Endgame KN-KN} f5 39. Kg2 Kf7 40. Kf1 Ke6 41. Ke2 Ke5 42. Ke3 $2 (42. Kd3 {might work better.} f4 43. c5) 42... h5 43. Nb4 {[#]} f4+ $1 {[%mdl 512]} 44. gxf4+ Kf5 45. Nd3 h4 46. Ke2 h3 {( -> ...h2)} 47. Kf1 Ke4 48. Nc5+ Kxf4 49. Ne6+ Kf5 50. Nd8 {[#]} g3 $1 {[%mdl 512]} 51. fxg3 Kg4 52. Kf2 {[#]} Ne1 $1 {[%mdl 512]} 53. Kg1 (53. Kxe1 h2) 53... Kxg3 {Weighted Error Value: White=0.60/Black=0.11} 0-1

[Event "1st Magistral Barbera del Valles 2020"]
[Site "Barbera del Valles"]
[Date "2020.11.27"]
[Round "8.2"]
[White "Munoz, Miguel"]
[Black "Oratovsky, Michael"]
[Result "1/2-1/2"]
[WhiteElo "2442"]
[BlackElo "2414"]
[Annotator "TA"]
[PlyCount "37"]
[EventDate "2020.11.20"]
[EventType "tourn"]
[EventCountry "ESP"]
[SourceTitle "playchess.com"]
[Source "ChessBase"]
[SourceQuality "1"]

{[%evp 12,23,0,-23,-10,-10,0,-10,-10,-13,-14,-39,-34,-28]} 1. e4 c5 2. Nf3 e6 3. d4 cxd4 4. Nxd4 Nc6 5. c4 Nf6 6. Nc3 Bb4 7. Qd3 O-O {B44: Sicilian: Taimanov: 5 Nb5.} 8. Be2 d5 9. exd5 exd5 10. Nxc6 bxc6 11. O-O Ba6 12. Qf3 {[#] Black did not feel at home in the position after the opening. Not enough moves} {Predecessor:} Bxc3 $146 13. Qxc3 Re8 14. Bd3 Ne4 15. Qc2 Qf6 16. Be3 Bxc4 17. Bxc4 dxc4 18. Qxc4 Qxb2 19. Qxc6 {1-0 (47) Bewersdorff,O (2312)-Jonsson,G (2104) Reykjavik 2018} 1/2-1/2

[Event "1st Magistral Barbera del Valles 2020"]
[Site "Barbera del Valles"]
[Date "2020.11.27"]
[Round "8.3"]
[White "Peralta, Fernando"]
[Black "Cheparinov, Ivan"]
[Result "1-0"]
[WhiteElo "2586"]
[BlackElo "2688"]
[Annotator "TA"]
[PlyCount "97"]
[EventDate "2020.11.20"]
[EventType "tourn"]
[EventCountry "ESP"]
[SourceTitle "playchess.com"]
[Source "ChessBase"]
[SourceQuality "1"]

{[%evp 9,97,16,21,25,28,23,18,13,31,16,12,24,16,4,0,4,9,0,0,-11,0,8,10,-22,-14,-8,-8,-12,37,12,8,11,27,22,12,21,93,65,80,84,71,68,218,212,210,217,249,243,237,242,310,300,307,296,312,305,308,296,312,300,406,406,400,397,399,387,463,447,457,442,499,444,438,426,461,418,535,541,517,518,559,563,735,727,1227,1211,1127,1070,974,763]} 1. d4 Nf6 2. c4 e6 3. Nf3 d5 4. Nc3 h6 5. e3 Be7 6. b3 {D37: Queen's Gambit Declined: 5 Bf4.} O-O {[#]} 7. Bb2 $146 ({Predecessor:} 7. Bd3 dxc4 8. bxc4 b6 9. e4 Bb7 10. Bb2 c5 11. d5 exd5 12. exd5 Bd6 13. O-O {1-0 (26) Hjorth,J (2027)-Jatmiko,T ICCF email 2017}) 7... b6 8. Bd3 {The position is equal.} Bb7 9. O-O c5 10. cxd5 Nxd5 11. Nxd5 Qxd5 12. Bc4 Qf5 13. Bd3 Qd5 14. e4 Qh5 15. Be2 cxd4 16. Nxd4 (16. Qxd4 {keeps more tension.} Qg4 17. h3 Qg6 18. Ne5 Qxe4 19. Nc6) 16... Qh4 17. g3 Qf6 (17... Qxe4 $2 18. Bf3 $18) 18. Rc1 {[%cal Ba1c1,Bc1c7,Bc7d7][%mdl 32]} Bxe4 19. Nc6 Qxb2 20. Nxe7+ Kh8 21. Re1 {Hoping for Qd6.} Qa3 $1 {[%cal Ra3e7]} ({But not} 21... Qxa2 $2 22. Qd6 $18) 22. Rc7 Qa5 (22... Bh7 $1 $11) 23. Bf1 $36 {[%mdl 3072] White has strong compensation. White fights for an advantage.} Bh7 24. Bg2 Na6 25. Rd7 Nc5 {[#] This costs Black the game.} (25... Rae8 $1 $14) 26. b4 $1 $18 {[%cal Rb4a5][%mdl 512]} Qxb4 27. Rd4 Qc3 {Threatens to win with ...Nd3.} 28. Bxa8 {Re3 is the strong threat.} Bd3 29. Rxd3 Nxd3 30. Re3 Nxf2 31. Rxc3 {White wants to mate with Qd7.} ({Not} 31. Kxf2 Qf6+ 32. Bf3 Qxe7 $16) 31... Nxd1 {[#]} 32. Rc8 $1 {[%cal Rc8f8]} Rxc8 33. Nxc8 Nc3 {[#]} 34. a3 $1 ({Less strong is} 34. Nxa7 Nxa2 35. Kf2 Kg8 $16) 34... g5 35. Nxa7 Kg7 36. Nc8 b5 37. Nd6 Ne2+ 38. Kf2 Nd4 39. Be4 f5 40. Bd3 Kf6 41. Nxb5 Nc6 42. Nd6 h5 43. Bb5 {White is clearly winning.} Nd4 44. Bc4 e5 45. a4 {[%cal Ba3a4,Ba4a5,Ba5a6][%mdl 32]} Ke7 46. Nf7 Kf6 47. a5 Nc6 48. a6 e4 {[#]} 49. Nd8 $1 {[%mdl 576] Promotion.  Weighted Error Value: White=0.05/Black=0.23} 1-0